Sports Quiz

Random Sports or Olympics Quiz

Best Olympic Swimming Nations Quiz Stats

 Plays Quiz Updated Jan 14, 2019

Support Sporcle.
Go Orange.
Score 0/10 Timer 04:00
7 Plays Today
Rank Nation % Correct
1.United States
99.8%
2.Australia
90.5%
7.Great Britain
87.9%
9.China
86.9%
8.Germany
86.7%
5.Japan
85.2%
10.Soviet Union
61.5%
6.The Netherlands
49.2%
3.East Germany
39.2%
4.Hungary
35.6%

From the Vault

Big 4 Teams Named After Birds

by awesnap

Sports 2m
We're pretty sure that geese are still the meanest birds. We need a team named after those terrible creatures.
Remove Ads.
Support Sporcle.
Get the best of Sporcle when you Go Orange. This ad-free experience offers more features, more stats, and more fun while also helping to support Sporcle. Thank you for becoming a member.

Show Comments

Extras

Top Quizzes Today


Score Distribution

Your Account Isn't Verified!

In order to create a playlist on Sporcle, you need to verify the email address you used during registration. Go to your Sporcle Settings to finish the process.

Report this User

Report this user for behavior that violates our Community Guidelines.

Details: